Word Ladder: World Series MVPs Quiz Stats

 Plays Quiz Updated Aug 1, 2018

Score 0/20 Timer 02:00
0 Plays Today
Clue 4-Letter Word % Correct
'___ Stop Believin''DON'T
96.3%
FinishedDONE
94%
• 1978 World Series MVP Bucky ___•DENT•
90.5%
To tap the ball into playBUNT
90.3%
A statue from the shoulders upBUST
90%
Not straightBENT
89.9%
Prescribed amountDOSE
89.7%
• 1975 World Series MVP Pete ___•ROSE•
87.4%
A very tall stringed instrumentBASS
86.4%
Force over accelerationMASS
83.7%
Clue 4-Letter Word % Correct
• Willie the MVP award is named for ••MAYS•
81.1%
Egyptian goddess of catsBAST
79.4%
Spring training location ___ MyersFORT
79%
• 1961 World Series MVP Whitey ___•FORD•
72.1%
Distribute shares or punishmentDOLE
67.2%
Take steroids illegallyDOPE
64.1%
A very stupid personDOLT
63.2%
1948 Hitchcock thrillerROPE
57.9%
Image on Roy Hobbs' WonderboyBOLT
52.7%
A shard of a diamondBORT
46.1%

Today's Daily Dose

You're not logged in!

Compare scores with friends on all Sporcle quizzes.
OR
Log In

Sporcle TV

Today on Sporcle TV


Watch our educational content, quiz creation guides, and fun videos on Sporcle TV.

Show Comments

Extras

Top Quizzes Today


Score Distribution

Your Account Isn't Verified!

In order to create a playlist on Sporcle, you need to verify the email address you used during registration. Go to your Sporcle Settings to finish the process.

Report this User

Report this user for behavior that violates our Community Guidelines.

Details: